Gotama Budha (Record no. 5736)

MARC details
000 -LEADER
fixed length control field 00584nam a2200241 a 4500
020 ## - INTERNATIONAL STANDARD BOOK NUMBER
ISBN
082 00 - DEWEY DECIMAL CLASSIFICATION NUMBER
Classification number 294.363
Author Cutter SAU
100 ## - MAIN ENTRY--AUTHOR NAME
Author name Saunders, Kenneth J
245 ## - TITLE STATEMENT
Title Gotama Budha
Sub title a Biography
260 ## - PUBLICATION, DISTRIBUTION, ETC. (IMPRINT)
Place of publication Bangalore
Name of publisher Senate of Serampore College
Year of publication 1922
300 ## - PHYSICAL DESCRIPTION
Number of Pages 91p
500 ## - GENERAL NOTE
General note includes index and biblioraphy
505 2# - FORMATTED CONTENTS NOTE
Formatted contents note Index
650 ## - SUBJECT ADDED ENTRY--TOPICAL TERM
Topical Term Buddha
942 ## - ADDED ENTRY ELEMENTS (KOHA)
Koha item type Books
700 1# -
-- Saunders, Kenneth J
Holdings
Collection code Home library Current library Date acquired Cost, normal purchase price Full call number Accession Number Koha item type
  Henry Martyn Institute Library Henry Martyn Institute Library 07/20/2007 100.00 294.363 SAU 08847 Books
                   Copyright © 2026 | Henry Martyn Institute | Hyderabad | TS-500052 | INDIA | Implemented by hmi.edu.in
Hit-Count:

Powered by Koha